Sigle delle provincie italiane - Statistics

Statistiche generali
  • Questo quiz è stato fatto 4.414 volte
    4.138 dall'ultimo reset
  • Il punteggio medio è 96 su 118
Statistiche sulle risposte
Provincia Sigla % Corretto
Aosta AO
99%
Alessandria AL
98%
Biella BI
98%
Novara NO
98%
Torino TO
98%
Asti AT
97%
Cuneo CN
97%
Como CO
96%
Genova GE
96%
Imperia IM
96%
Bergamo BG
95%
Brescia BS
95%
Bolzano BZ
95%
Cremona CR
95%
Lecco LC
95%
Lodi LO
95%
Milano MI
95%
Padova PD
95%
Pavia PV
95%
Sondrio SO
95%
Savona SV
95%
Varese VA
95%
Belluno BL
94%
Mantova MN
94%
Rovigo RO
94%
Treviso TV
94%
Vercelli VC
94%
Venezia VE
94%
Vicenza VI
94%
Verona VR
94%
Monza e Brianza MB
93%
La Spezia SP
93%
Trento TN
93%
Gorizia GO
87%
Bologna BO
86%
Modena MO
86%
Arezzo AR
85%
Ferrara FE
85%
Firenze FI
85%
Grosseto GR
85%
Livorno LI
85%
Lucca LU
85%
Piacenza PC
85%
Pisa PI
85%
Pordenone PN
85%
Parma PR
85%
Ravenna RA
85%
Reggio Emilia RE
85%
Udine UD
85%
Forlì - Cesena FC
84%
Rimini RN
84%
Siena SI
84%
Ancona AN
83%
Ascoli Piceno AP
83%
Frosinone FR
83%
Pistoia PT
83%
Trieste TS
83%
Avellino AV
82%
Chieti CH
82%
Fermo FM
82%
Isernia IS
82%
Latina LT
82%
Macerata MC
82%
Pescara PE
82%
Perugia PG
82%
Pesaro e Urbino PU
82%
Rieti RI
82%
Roma RM
82%
Teramo TE
82%
Terni TR
82%
Viterbo VT
82%
L'Aquila AQ
81%
Bari BA
81%
Benevento BN
81%
Campobasso CB
81%
Matera MT
81%
Napoli NA
81%
Salerno SA
81%
Brindisi BR
80%
Foggia FG
80%
Lecce LE
80%
Potenza PZ
80%
Taranto TA
80%
Cosenza CS
79%
Catanzaro CZ
79%
Agrigento AG
78%
Catania CT
78%
Enna EN
78%
Messina ME
78%
Palermo PA
78%
Prato PO
78%
Massa e Carrara MS
77%
Reggio Calabria RC
77%
Ragusa RG
77%
Vibo Valentia VV
77%
Cagliari CA
76%
Pola PL
76%
Siracusa SR
76%
Trapani TP
76%
Caltanissetta CL
75%
Lubiana LB
75%
Verbano-Cusio-Ossola VB
75%
Zara ZA
75%
Nuoro NU
74%
Oristano OR
74%
Sassari SS
74%
Caserta CE
73%
Carbonia - Iglesias CI
73%
Fiume FM
71%
Ogliastra OG
71%
Olbia - Tempio OT
71%
Barletta - Andria - Trani BT
69%
Sud Sardegna SU
59%
Crotone KR
50%
Rodi RODI
18%
Cattaro CATTARO
17%
Spalato SPALATO
16%
Medio Campidano VS
8%
Nessun quiz corrispondente trovato
Distribuzione punteggi
Percentuale di utenti per punteggio
Percentile per numero di risposta
I tuoi punteggi nel tempo
Non hai fatto questo quiz dall'ultimo reset